000 00870nas a2200301 4500
001 BR0804496
003 BR-BrBNA
005 20231205111839.0
007 ta
008 230509b bl.|||p| |||| 00| 00por d
040 _aBR-BrBNA
_bpor
_cBiblioteca Nacional de Agricultura
041 _a(Pt)
072 _aL74
100 1 _aCardoso, M.J.L.
100 1 _aCosta, F.S.
100 1 _aMuniz, L.M.R.
100 1 _aZablith, A.C.A.
100 1 _aPadovani, C.R.
100 1 _aAragon, F.F.
245 1 _aEfeitos da tireotoxicose experimental sobre os parâmetros hematológicos de gatos
650 _aGATO
650 _aHEMOGRAMA
650 _aTIREÓIDE
650 _aDISTÚRBIO FISIOLÓGICO
773 0 _tARS Veterinária (Brazil)
_xISSN 0102-6380
_g(2005), v. 21(2) p. 228-237
_wBR0804496
909 _a202311
_bLúcia
_c55
_dLúcia Elande
942 _2AGRIS
_n0
_cANA
999 _c194778
_d194778